Megatrendy v riadení priemyselu 4.0 a nákupu 4.0 v malých a stredných podnikoch (msp)

Salvato in:
Dettagli Bibliografici
Autore principale: Rudý, Stanislav, 1997-
Natura: Capitolo di libro
Lingua:slovacco
Soggetti:
Tags: Aggiungi Tag
Nessun Tag, puoi essere il primo ad aggiungerne!!

MARC

LEADER 00000naa a2200000 4500
001 0290351
005 20240502074448.1
041 0 |a slo 
044 |a SK 
245 1 0 |a Megatrendy v riadení priemyselu 4.0 a nákupu 4.0 v malých a stredných podnikoch (msp)  |c Stanislav Rudý 
500 |a Abstrakt 
610 2 0 |a priemysel 4.0 
610 2 0 |a megatrendy 
610 2 0 |a nákup 
610 2 0 |a nákup elektronický 
610 2 0 |a reťazce dodávateľsko-odberateľské 
610 2 0 |a technológie nové 
100 1 |a Rudý, Stanislav, 1997-